| 000 | 00780cam a22002291 4500 | ||
|---|---|---|---|
| 001 | sa 66003757 | ||
| 003 | DLC | ||
| 005 | 20260227112238.0 | ||
| 008 | 940328s1964 io c 000 0 ind | ||
| 010 | _asa 66003757 | ||
| 025 | _aPL480:Indo-2329 | ||
| 035 | _a(OCoLC)30046085 | ||
| 040 |
_aDLC _cCU _dCU _dDLC |
||
| 042 | _apremarc | ||
| 050 | 0 | 0 |
_aPL5080.5 _b.A4 |
| 100 | 1 |
_aAidit, D. N., _d1923-1965. |
|
| 245 | 1 | 0 |
_aDengan sastra dan seni jang berkepribadian nasional mengabdi buruh, _btani dan pradjurit. (Pokok² referat dihadapan Konfernas Sastra dan Seni Revolusioner di Djakarta, diutjapkan tgl. 28 Agustus 1964). |
| 260 |
_aDjakarta, _bJajasan Pembaruan, _c1964. |
||
| 300 |
_a103 p. _bport. _c20 cm. |
||
| 650 | 0 | _aIndonesian literature. | |
| 650 | 0 |
_aArt _zIndonesia. |
|
| 999 |
_c69110 _d69110 |
||